000 00669nam a2200241Ia 4500
003 OSt
005 20221005050454.0
006 a|||||r|||| 00| 0
007 ta
008 221004b |||||||| |||| 00| 0 eng d
024 _a50032
037 _cTextual
040 _aCRL
_cCRL
_beng
041 _2eng
_aeng
082 _aU8.443654, D7
110 _aGovernment of Punjab
_9253167
245 0 _aPunjab District Gazetteers
_b Gujranwala District
260 _aLahore
_bCivil and Military Gazette Press
_c1907
650 _aGEOGRAPHY
700 _aGovernment of Punjab
_9253168
942 _hU8.443654, D7
_cTEXL
_2cc
999 _c957127
_d957127